000 00506 a2200145 4500
005 20211029094020.0
008 210804b ||||| |||| 00| 0 eng d
040 _aCO-BoUCM
_bspa
_cDeissy Garcia
_dDeissy Garcia
100 _aRama, Carlos
_9104433
245 1 3 _aLa crise espagnole au XX siècle
_cCarlos Rama
260 _aParís
_bLibrairie Fischbacher
_c1962
651 _aEspaña
_xPolítica y gobierno
_ySiglo XX
_9104472
942 _a21
_cLIBRO
_2DEWEY
_e1
_h946
_mR165c
_n0
999 _c314615
_d314615